[Event "CZE-ch14 sf01 corr"]
[Site "Czechia"]
[Date "2004.06.21"]
[Round "?"]
[White "Struzka, Vlastimil"]
[Black "Kesl, Ervin"]
[Result "1-0"]
[WhiteElo "2165"]
[BlackElo "2125"]
[PlyCount "87"]
[EventDate "2003.??.??"]
[EventType "tourn (corr)"]
[EventRounds "14"]
[EventCountry "CZE"]
[SourceTitle "Corr 2006"]
[Source "ChessBase"]
[SourceDate "2006.04.01"]
[SourceVersion "3"]
[SourceVersionDate "2006.04.01"]
[SourceQuality "1"]

1. d4 d5 2. c4 dxc4 3. Nf3 a6 4. e3 Bg4 5. Bxc4 e6 6. Nc3 Nf6 7. 0-0 Nc6 8. Bd2 Qd7 9. Rc1 Nd5 10. Nxd5 exd5 11. Be2 Bd6 12. Qb3 Rb8 13. h3 Bf5 14. Nh4 Be6 15. Bd3 b5 16. Nf3 Bxh3 17. Rxc6 Bxg2 18. Rxd6 cxd6 19. Kxg2 Qg4+ 20. Kh2 Qxf3 21. Qd1 Qf6 22. Qh5 g5 23. Kg3 h6 24. Rb1 Ke7 25. Rc1 Rhc8 26. Rxc8 Rxc8 27. Qg4 Rh8 28. Bf5 h5 29. Qf3 g4 30. Qxd5 h4+ 31. Kg2 g3 32. Qe4+ Kf8 33. fxg3 hxg3 34. Kxg3 Rg8+ 35. Bg4 Rg6 36. Qf4 Qe6 37. Kf3 Qc4 38. Kf2 Qc2 39. Ke2 Qc4+ 40. Kd1 Qxa2 41. b4 d5 42. Qc7 Rf6 43. Qc8+ Kg7 44. Bf3 1-0

[Event "CZE-ch14 sf01 corr"]
[Site "Czechia"]
[Date "2004.05.03"]
[Round "?"]
[White "Kesl, Ervin"]
[Black "Novak, Vaclav"]
[Result "1-0"]
[WhiteElo "2125"]
[BlackElo "1800"]
[PlyCount "59"]
[EventDate "2003.??.??"]
[EventType "tourn (corr)"]
[EventRounds "14"]
[EventCountry "CZE"]
[SourceTitle "Corr 2006"]
[Source "ChessBase"]
[SourceDate "2006.04.01"]
[SourceVersion "3"]
[SourceVersionDate "2006.04.01"]
[SourceQuality "1"]

1. e4 c5 2. Nf3 Nc6 3. d4 cxd4 4. Nxd4 Nf6 5. Nc3 d6 6. Bg5 Qa5 7. Bxf6 gxf6 8. Bb5 Bd7 9. Nb3 Qd8 10. Qh5 e6 11. 0-0-0 a6 12. Bxc6 bxc6 13. f4 c5 14. f5 Qb6 15. Rhf1 Be7 16. fxe6 Bxe6 17. Nd5 Bxd5 18. Qxd5 Rb8 19. g4 a5 20. a4 Qb4 21. g5 Qxa4 22. gxf6 Bf8 23. Rf5 Qb5 24. Re5+ Kd8 25. Re7 Bxe7 26. fxe7+ Kc8 27. Qf5+ Kb7 28. Rxd6 Ka7 29. Rd7+ Rb7 30. Rd8 1-0

[Event "CZE-ch14 sf01 corr"]
[Site "Czechia"]
[Date "2003.11.28"]
[Round "?"]
[White "Kesl, Ervin"]
[Black "Pecka, Josef"]
[Result "0-1"]
[WhiteElo "2125"]
[BlackElo "2285"]
[PlyCount "40"]
[EventDate "2003.??.??"]
[EventType "tourn (corr)"]
[EventRounds "14"]
[EventCountry "CZE"]
[SourceTitle "Corr 2006"]
[Source "ChessBase"]
[SourceDate "2006.04.01"]
[SourceVersion "3"]
[SourceVersionDate "2006.04.01"]
[SourceQuality "1"]

1. e4 e6 2. d4 d5 3. Nd2 Nf6 4. e5 Nfd7 5. Bd3 c5 6. c3 Nc6 7. Ne2 Qb6 8. Nf3 cxd4 9. cxd4 f6 10. exf6 Nxf6 11. 0-0 Bd6 12. Bf4 Bxf4 13. Nxf4 0-0 14. Qd2 Nxd4 15. Nxd4 e5 16. Nxd5 Nxd5 17. Nf3 Rxf3 18. gxf3 Nf4 19. Rfd1 Bh3 20. Bf1 Qg6+ 0-1